|
|
|
|
| LEADER |
01716nam a2200433Ia 4500 |
| 001 |
EBC3050598 |
| 003 |
MiAaPQ |
| 005 |
20200520144314.0 |
| 006 |
m o d | |
| 007 |
cr cn||||||||| |
| 008 |
021210s2003 dcu sb i000 0 eng d |
| 010 |
|
|
|z 2002044908
|
| 020 |
|
|
|z 0821354000
|
| 035 |
|
|
|a (MiAaPQ)EBC3050598
|
| 035 |
|
|
|a (Au-PeEL)EBL3050598
|
| 035 |
|
|
|a (CaPaEBR)ebr10042821
|
| 035 |
|
|
|a (CaONFJC)MIL8596
|
| 035 |
|
|
|a (OCoLC)495528346
|
| 040 |
|
|
|a MiAaPQ
|c MiAaPQ
|d MiAaPQ
|
| 041 |
0 |
|
|a eng
|b bul
|
| 050 |
|
4 |
|a HJ7865
|b .W67 2003
|
| 082 |
0 |
4 |
|a 336.3/8/09499
|2 21
|
| 245 |
0 |
0 |
|a Bulgaria, public expenditure issues and directions for reform
|h [electronic resource].
|
| 246 |
1 |
|
|i Bulgarian title in galley:
|a Bulgariia--vuprosi na publichnite razkhodi i nasoki za reforma
|
| 260 |
|
|
|a Washington, D.C. :
|b World Bank,
|c c2003.
|
| 300 |
|
|
|a xxxii, 214 p.
|
| 490 |
1 |
|
|a A World Bank country study
|
| 500 |
|
|
|a The report was initiated by Leila Zlaoui and a team of World Bank staff and Bulgarian and international experts.
|
| 504 |
|
|
|a Includes bibliographical references.
|
| 533 |
|
|
|a Electronic reproduction. Ann Arbor, MI : ProQuest, 2015. Available via World Wide Web. Access may be limited to ProQuest affiliated libraries.
|
| 546 |
|
|
|a Text in English with summary in Bulgarian.
|
| 650 |
|
0 |
|a Government spending policy
|z Bulgaria.
|
| 651 |
|
0 |
|a Bulgaria
|x Appropriations and expenditures.
|
| 651 |
|
0 |
|a Bulgaria
|x Economic policy
|y 1989-
|
| 655 |
|
4 |
|a Electronic books.
|
| 700 |
1 |
|
|a Zlaoui, Leila.
|
| 710 |
2 |
|
|a ProQuest (Firm)
|
| 830 |
|
0 |
|a World Bank country study.
|
| 856 |
4 |
0 |
|u https://ebookcentral.proquest.com/lib/matrademy/detail.action?docID=3050598
|z Click to View
|